1824 1004 1811 1979 1594 1967 1453 1704 1012 1454 1384 1484 1031 1581 1506 1739 1724 1036 1420 1101 1669 1333 1353 1457 1635 1766 1095 1962 1984 1484 1397 1819 1967 1655 1869 1400 1824 1661 1772 1543 1028 1425 1559 1251 1929 1031 1959 1446 1705 1311 1857 1111 1446 1857 1891 1624 1710 1043 1435 1811 1030 1690 1692 1915 1236 1971 1938 1773 1855 1602 1030 1666 1275 1008 1004 1074 1661 1023 1900 1750 1163 1228 1802 1485 1632 1403 1313 1401 1778 1298 1228 1816 1136 1242 1778 1171 1713 1042 1401 BCNSPRNW ULIB Ver.6.0+V

เปลี่ยนเป็นภาษาไทย

Change to English
 แสดงรายละเอียดบรรณานุกรม
  กลับหน้าหลัก

Brief Record : Get Marc (ISO 2709) : E-mail record : QR code < ปิดหน้าต่าง
LEADER : 00000nam 2200000uu 4500
001    13399120025
003     ULIB
008    120822s2547||||th 000 0 tha d
020    ^a974919974X
060 04 ^aW825^bพ825ป 2547
100 0  ^aพรทิพย์ โรจนสุนันท์,^cคุณหญิง,^d2497-
245 10 ^aป่วยเป็นศพ /^cแพทย์หญิง คุณหญิง พรทิพย์ โรจนสุนันท์
250    ^aพิมพ์ครั้งที่ 5
260    ^aกรุงเทพฯ :^bคลินิกสุขภาพ,^c2547
300    ^a165 หน้า :^bภาพประกอบ ;^c21 ซม.
600 07 ^aพรทิพย์ โรจนสุนันท์,^cคุณหญิง,^d2497-
650  7 ^aการตรวจศพ
650  7 ^aความเจ็บป่วย
650  7 ^aนิติเวชวิทยา
945    ^p0^l0^i16599
995    ^aกัณชพร
999 ^a ใช้งานได้ทุกระบบ
รายการนี้ยังไม่มีแท็ก
คุณยังไม่ได้ล็อกอิน คุณสามารถมีกิจกรรมร่วมกับเว็บไซต์ได้ แต่ต้องล็อกอินก่อน ::
  ล็อกอิน

รายการสื่อสารสนเทศ

ลำดับที่ ประเภท เลขเรียก/บาร์โค้ด สถานที่ สถานะ
- ไม่พบข้อมูล -

รายการใกล้เคียง
    หัวเรื่อง [การตรวจศพ]
    หัวเรื่อง [ความเจ็บป่วย]
    หัวเรื่อง [นิติเวชวิทยา]

BibComment


ยังไม่เคยถูกคอมเมนท์

คอมเมนท์ทรัพยากรรายการนี้
  คอมเมนท์: ป่วยเป็นศพ แพทย..


 Copyright 2026. Bcnsprnw @Library